Songs By Artist: Nirvana - Statistics

General Stats
  • This quiz has been taken 335 times
  • The average score is 12 of 16
Answer Stats
Answer Hint % Correct
Hello, hello, hello... With the lights out, it's less dangerous... Here we are now, entertain us... I feel stupid and contagious... ({Smells Like Teen Spirit}) Smells Like Teen Spirit
99%
{Come As You Are}, as you were... As I want you to be... As a friend, as a friend... As a known enemy... Come As You Are
96%
She eyes me like a Pisces when I am weak... I've been locked inside your {Heart-Shaped Box} for weeks... Heart-Shaped Box
93%
I like it, I'm not gonna crack... I miss you, I'm not gonna crack, I love you, I'm not gonna crack, I like it, I'm not gonna crack... ({Lithium}) Lithium
85%
Oh no, not me... We never lost control... You're face to face... With {The Man Who Sold The World}... The Man Who Sold The World
80%
What else should I be? {All Apologies}... What else could I say? Everyone is gay... What else could I write? I don't have the right... What else should I be? {All Apologies}... All Apologies
79%
{Rape Me}... {Rape Me}, my friend... {Rape Me}... {Rape Me} again... I'm not the only one... I'm not the only one... I'm not the only one... I'm not the only one... Rape Me
78%
{Something In The Way}, yeah, hmm-mmm... Underneath the bridge, tarp has sprung a leak... And the animals I've trapped have all become my pets... Something In The Way
73%
We can have some more... Nature is a whore... Bruises on the fruit... Tender age {In Bloom}... In Bloom
72%
I'm not like them, but I can pretend... The sun is gone, but I have a light... The day is done, but I'm having fun... I think I'm {Dumb}... Or maybe I'm just happy... Dumb
71%
Even if you have... Even if you need... I don't mean to stare... We don't have to {Breed}... We could plant a house... We could build a tree... I don't even care... We could have all three... Breed
68%
I need an easy friend... I do, with an ear to lend... I do, think you fit this shoe... I do, but you have a clue... ({About a Girl}) About a Girl
68%
My girl, my girl, don't lie to me... Tell me, {Where Did You Sleep Last Night}?... In the pines, in the pines... Where the sun don't ever shine... Where Did You Sleep Last Night
68%
I'm on my time with everyone... I have very bad posture... Sit and drink {Pennyroyal Tea}... Distill the life that's inside of me... Sit and drink {Pennyroyal Tea}... Pennyroyal Tea
60%
Would you believe me when I tell you... You are the queen of my heart... Please don't deceive me when I hurt you... Just ain't the way it seems... Can you feel my {Love Buzz}?... Love Buzz
57%
Beat me outta me... Beat me outta me... Beat me outta me... Beat me outta me... Beat me outta me... Come on over, and do the twist... ({Aneurysm}) Aneurysm
46%
No matching quizzes found
Score Distribution
Percent of People with Each Score
Percentile by Number Answered
Your Score History
You have not taken this quiz